| 000 | 00890nam a2200253 i 4500 | ||
|---|---|---|---|
| 001 | 107985 | ||
| 003 | ES-MaACL | ||
| 005 | 20251009173351.0 | ||
| 007 | t| | ||
| 008 | 070108s1970 sp ||||1| spa d | ||
| 080 | _a92(37+38) | ||
| 100 | 0 |
_aPlutarco _992678 |
|
| 245 | 1 | 0 |
_aAlejandro y César _b: (vidas paralelas) / _cPlutarco; introducción de E. Valenti Fiol; prólogo y notas de Carles Riba. |
| 260 |
_aMadrid : _bSalvat, _c1970. |
||
| 300 |
_a177 p., 1 h. ; _c19 cm. |
||
| 490 | 1 |
_aBiblioteca básica Salvat de Libros RTV ; _v72 |
|
| 600 | 0 | 4 |
_aAlejandro Magno- _xBiografías. _919704 |
| 600 | 1 | 4 |
_aCésar, Cayo Julio, _d100 a.C.-44 a.C. _937671 |
| 700 | 1 |
_aValentí Fiol, Eduardo. _9112600 |
|
| 700 | 1 |
_aRiba, Carles, _d1893-1959 _996698 |
|
| 830 | 1 | 0 |
_aBiblioteca básica Salvat de libros RTV _v72 _9185398 |
| 852 |
_aES-MaACL _jE-2993 |
||
| 999 |
_c107985 _d107985 |
||